Text book of systematic botany. (Record no. 23616)

MARC details
000 -LEADER
fixed length control field 00420nam a2200145Ia 4500
082 ## - DEWEY DECIMAL CLASSIFICATION NUMBER
Classification number 582
Item number SWI
100 ## - MAIN ENTRY--AUTHOR NAME
Personal name SWINGLE, Deane B
245 #0 - TITLE STATEMENT
Title Text book of systematic botany.
250 ## - EDITION STATEMENT
Edition statement Ed.3
260 ## - PUBLICATION, DISTRIBUTION, ETC. (IMPRINT)
Place of publication New York
Name of publisher McGraw Hill
Year of publication 1946
490 ## - SERIES STATEMENT
Series statement McGraw Hill publications in the botanical sciences. Ed by Edmund Sinnot
650 ## - SUBJECT ADDED ENTRY--TOPICAL TERM
Topical Term Systematic botany
942 ## - ADDED ENTRY ELEMENTS (KOHA)
Koha item type Books
Holdings
Withdrawn status Lost status Damaged status Not for loan Home library Current library Date acquired Full call number Accession Number Koha item type
        RRII Library RRII Library 16/12/2021 582 SWI 04314 Books